00370nam a2200121 450000500170000010000220001724500750003926400460011430000180016033600220017833700240020033800240022420260530113905.01 aLius C. Goncalves10aDesenho Industrial Brasileiro? critica ao espacvo o foprma de actuacao 1bCuritiba Universidade F de Paranác1983 a110 páginas atexto2rdacontent asin medio2rdamedia avolumen2rdacarrier